Australian feminist studies

Salvato in:
Dettagli Bibliografici
Natura: Libro
Lingua:inglese
Tags: Aggiungi Tag
Nessun Tag, puoi essere il primo ad aggiungerne!!

MARC

LEADER 00000nam a2200000 4500
001 CDOM0000002812
003 mi
005 20251006145729.0
008 251006b |||||||| |||| 00| 0 eng d
040 |c mi 
245 1 |a Australian feminist studies  
942 |2 ddc  |c BK 
952 |0 0  |1 0  |2 ddc  |4 0  |7 0  |9 6249  |a MI  |b MI  |d 2006-10-16  |i 5266  |l 0  |p CDOM5266  |r 2025-07-13 16:28:00  |w 2025-07-13  |x ACQUISTO  |y BK 
999 |c 5005  |d 5005